[Event "Moscow-ch Men 2019"]
[Site "Moscow"]
[Date "2019.04.05"]
[Round "7.11"]
[White "Ivanov, Oleg V"]
[Black "Pavlov, Mark"]
[Result "1-0"]
[WhiteElo "2441"]
[BlackElo "1989"]
[Annotator "TA"]
[PlyCount "87"]
[EventDate "2019.03.30"]
[EventType "swiss"]
[EventCountry "RUS"]
[SourceTitle "playchess.com"]
[Source "ChessBase"]
[SourceQuality "1"]

{[%evp 20,87,42,48,53,53,62,60,79,57,66,71,66,62,141,142,142,112,162,171,177,187,197,201,198,178,208,200,202,200,285,252,270,271,314,300,390,336,582,565,555,523,544,483,441,517,650,647,626,615,582,550,659,702,827,806,799,789,1204,1140,1389,952,846,949,895,857,29988,29989,29989,29990]} 1. e4 e6 2. d4 d5 3. Nc3 Nf6 4. e5 Nfd7 5. f4 c5 6. Nf3 Nc6 7. Be3 Qb6 8. Na4 Qa5+ 9. c3 b6 10. Bd2 c4 11. b4 Qa6 {C11: French: Classical System: 4 e5 and 4 Bg5 dxe4} 12. Be2 Be7 13. O-O O-O {White is slightly better.} (13... f5 14. Qc2 O-O 15. Kh1 Qb7 16. Rg1 Rf7 17. g4 b5 18. gxf5 Rxf5 19. Nc5 Nxc5 20. bxc5 {0-1 (57) Karjakin,S (2773)-Duda,J (2737) chess.com INT 2018}) 14. Qc2 f5 15. Nb2 Qb7 $146 ({Predecessor:} 15... b5 16. a4 Nb6 17. a5 Nd7 18. Nd1 Qb7 19. Ne3 {½-½ (44) Bruchmann,S (2298)-Gruenberg,H (2402) Germany 2011}) 16. a4 a5 (16... Rd8 $14) 17. b5 $16 Nd8 18. h3 Nb8 19. g4 Bd7 20. Rf2 Be8 21. Rg2 Bg6 {[#] White must now prevent ...fxg4.} 22. Qc1 Kh8 23. Qe1 Rg8 24. Nd1 Bf7 (24... Nd7 {is a better defense.} 25. Nh4 Nf8) 25. Ne3 g6 26. h4 Ra7 27. Kh1 Qc8 28. Qf2 Kg7 $2 {[#]} (28... h5 {was called for.} 29. gxh5 gxh5 30. Rxg8+ Bxg8) 29. h5 Kf8 30. Rag1 Ke8 31. Nh4 Rh8 32. Rh2 Kd7 33. hxg6 hxg6 34. gxf5 gxf5 35. Ng6 Re8 36. Nxe7 Kxe7 37. Rh7 Kd7 38. Bh5 Rf8 39. Bc1 Nbc6 40. bxc6+ Kxc6 41. Rgg7 Rc7 42. Nxc4 dxc4 43. Qg2+ Kd7 44. Bxf7 {Accuracy: White = 92%, Black = 21%.} 1-0

[Event "Moscow-ch Men 2019"]
[Site "Moscow"]
[Date "2019.04.05"]
[Round "7.12"]
[White "Galaktionov, Artem"]
[Black "Geivondian, Arman"]
[Result "1-0"]
[WhiteElo "2332"]
[BlackElo "2388"]
[Annotator "TA"]
[PlyCount "105"]
[EventDate "2019.03.30"]
[EventType "swiss"]
[EventCountry "RUS"]
[SourceTitle "playchess.com"]
[Source "ChessBase"]
[SourceQuality "1"]

{[%evp 14,105,-8,-18,-9,-30,-10,-20,0,-10,-10,-31,0,-8,11,-25,-22,-23,0,0,37,35,41,35,64,66,69,68,64,85,81,72,83,35,32,24,24,24,44,23,57,52,72,68,164,157,236,226,230,222,249,214,210,214,272,254,334,307,383,378,343,347,471,398,433,363,624,567,1387,1363,1273,1164,2076,1731,2200,2108,29944,29941,29980,29980,29985,6939,4634,4634,29986,29987,29990,29987,29987,29988,29989,29990,29990,509]} 1. d4 d5 2. Nf3 Nf6 3. c4 dxc4 4. e3 e6 5. Bxc4 c5 6. dxc5 Qxd1+ 7. Kxd1 Bxc5 8. a3 Nbd7 {D26: Queen's Gambit Accepted: 4 e3 e6 5 Bxc5 c5 sidelines} (8... a6 9. Ke2 Nbd7 10. Nbd2 O-O 11. b4 Be7 12. Bb2 b5 13. Bd3 Bb7 14. Rhc1 Rfc8 15. Rxc8+ Rxc8 16. Rc1 {½-½ (16) Kuzubov,Y (2558)-Efimenko,Z (2620) Warsaw 2005}) 9. b4 $146 ({Predecessor:} 9. Nbd2 Ke7 10. Ke2 Rd8 11. Rd1 Bd6 12. b3 Ne5 13. Bb2 Nxf3 14. Nxf3 {½-½ (14) Ivkov,B (2405)-Vasiukov,E (2492) Moscow 2007}) 9... Bd6 10. Bb2 a5 {The position is equal.} 11. bxa5 Rxa5 12. Nbd2 Nb6 13. Bd4 Bc5 14. Rb1 Bxd4 15. Nxd4 Nxc4 16. Nxc4 Ra6 17. Ke2 $36 {[%mdl 2048] White has the initiative.} O-O 18. Rhc1 e5 19. Nxe5 Rxa3 20. Rb2 Ra5 21. Nc4 Rc5 22. Rbc2 Bd7 {...Ba4 is the strong threat.} 23. Nb6 Bb5+ $1 24. Kf3 Rxc2 25. Rxc2 Bd3 26. Rc7 g5 27. g4 h5 28. gxh5 Be4+ {[#]} (28... Rd8 $14) 29. Kg3 $1 $18 g4 (29... Re8 $16 30. Nd7 Kg7 31. Nxf6 Kxf6) 30. Nd7 Nxd7 31. Rxd7 {[%mdl 4096] Endgame KRB-KRN} b5 32. Re7 Bd3 33. Rb7 Rd8 34. Kxg4 Rd5 35. f3 Bc4 36. Nf5 Rd2 37. Kg3 Rd1 38. e4 Rg1+ 39. Kf4 Rd1 $2 (39... Kh7 40. Nd6 Kg8 41. Nxb5 Rd1) 40. Ne3 Rh1 41. Ng4 Be6 42. Rxb5 Bxg4 43. fxg4 Rxh2 {KR-KR} 44. Kg5 Kg7 45. Rb7 Rf2 46. e5 Kg8 47. Kh6 (47. e6 $142 fxe6 48. Kg6 Rf1 49. Rb8+ Rf8 50. Rxf8+ Kxf8 51. h6 Ke7 52. h7) 47... Kf8 48. g5 Rh2 {[#]} 49. e6 $1 {White mates.} fxe6 50. Kg6 e5 51. h6 e4 52. h7 e3 53. Rb8+ {Accuracy: White = 76%, Black = 20%.} (53. Kf6 $142 Ke8 54. g6 e2 55. g7 Rf2+ 56. Kg5 Rg2+ 57. Kf4 Rf2+ 58. Kg4) 1-0

[Event "Moscow-ch Men 2019"]
[Site "Moscow"]
[Date "2019.04.05"]
[Round "7.13"]
[White "Prokopchuk, Yury"]
[Black "Smirnov, Timofey"]
[Result "0-1"]
[WhiteElo "2237"]
[BlackElo "2345"]
[Annotator "TA"]
[PlyCount "94"]
[EventDate "2019.03.30"]
[EventType "swiss"]
[EventCountry "RUS"]
[SourceTitle "playchess.com"]
[Source "ChessBase"]
[SourceQuality "1"]

{[%evp 13,94,9,4,-8,-7,-8,-4,0,12,13,13,13,25,10,8,0,10,2,11,5,7,8,10,-1,8,0,0,-18,-20,-13,-29,-16,-24,-31,-17,-27,-20,-36,-15,-35,0,0,0,-41,0,0,0,-12,-13,-12,0,0,0,0,0,0,0,0,0,-36,-42,-469,-487,-620,-571,-618,-598,-611,-492,-445,-260,-556,-542,-571,-563,-588,-412,-615,-572,-29975,-6207,-6095,-5369]} 1. d4 d5 2. Bf4 c5 3. e3 Nc6 4. c3 Nf6 5. Nf3 Qb6 6. Qc2 Bg4 {D02: 1 d4 d5 2 Nf3 sidelines, including 2...Nf6 3 g3 and 2...Nf6 3 Bf4} (6... g6 7. Nbd2 Bg7 8. h3 O-O 9. Be2 Nd7 10. O-O e5 11. dxe5 Ndxe5 12. Nxe5 Nxe5 13. e4 dxe4 14. Nxe4 {½-½ (23) Laznicka,V (2668)-Nisipeanu,L (2674) Germany 2019}) 7. Nbd2 e6 {LiveBook: 14 Games} 8. Ne5 Bf5 {The position is equal.} 9. Bd3 Bxd3 10. Nxd3 c4 11. Ne5 Nxe5 $146 12. Bxe5 Nd7 13. Bg3 Be7 14. e4 O-O 15. O-O Qc6 16. a4 b6 17. Rfe1 Rfe8 18. Re2 Nf6 19. f3 Nh5 20. exd5 exd5 21. Rae1 Bg5 22. Nf1 g6 23. Re5 Bf6 24. R5e3 Rxe3 25. Rxe3 Re8 26. Kf2 Bg5 27. Rxe8+ Qxe8 28. b4 cxb3 ({But not} 28... Nxg3 29. hxg3 h5 30. f4 $14) 29. Qxb3 Qc6 30. Ne3 Bxe3+ 31. Kxe3 a6 32. Kd3 b5 33. axb5 axb5 34. Kc2 Ng7 35. Qa3 Nf5 36. Bf2 Qc4 {Hoping for ...Qe2+.} 37. Kd2 $2 {[%mdl 8192]} (37. g4 $1 $15) 37... Qf1 $1 $19 {[%csl LRf2,LRg2][%mdl 64] Double Attack} 38. Qa8+ Kg7 39. Bg3 Qxg2+ {[%mdl 64] Double Attack} 40. Kc1 Qxf3 41. Kb2 Ne3 (41... Qe2+ $142 42. Ka3 b4+ $1 {[%mdl 576] Deflection} 43. cxb4 Nxd4) 42. Qb8 $2 (42. Qe8 {keeps fighting.} Qe2+ 43. Kb3 Qc2+ 44. Kb4 Qb2+ 45. Ka5 Qxc3+ 46. Ka6) 42... Nd1+ {[%mdl 64] Discovered Attack} 43. Kc1 Nxc3 44. Be5+ f6 {[#]} 45. Qc7+ (45. Bxf6+ $142 $1 {[%mdl 512]} Qxf6 46. Qc7+ Qf7 47. Qxc3) 45... Kh6 46. Bxf6 Qd1+ (46... Qh1+ $142 47. Kc2 Qd1+ 48. Kb2 Qb1+ 49. Kxc3 Qc1+ 50. Kb4 Qxc7 51. Kxb5 Qxh2 52. Bd8 Qe2+ 53. Kb6 Qg4 54. Kc6 Qxd4 55. Kd7 Qc4 56. Bb6 d4 57. Kd8 Qc6 58. Bc7 Qf6+ 59. Kd7 d3 60. Bd8 Qf5+ 61. Kc7 d2 62. Kb8 d1=Q 63. Bb6 Qb5 64. Ka7 Qdd7+ 65. Kb8 Qd8+ {[%mdl 64] Double Attack} 66. Kb7 Qbxb6#) 47. Kb2 Qb1+ {Accuracy: White = 25%, Black = 71%.} 0-1

[Event "Moscow-ch Men 2019"]
[Site "Moscow"]
[Date "2019.04.05"]
[Round "7.14"]
[White "Dragomarezkij, Evgeni"]
[Black "Tunik, Sergey"]
[Result "1/2-1/2"]
[WhiteElo "2386"]
[BlackElo "2167"]
[Annotator "TA"]
[PlyCount "82"]
[EventDate "2019.03.30"]
[EventType "swiss"]
[EventCountry "RUS"]
[SourceTitle "playchess.com"]
[Source "ChessBase"]
[SourceQuality "1"]

{[%evp 16,82,42,34,40,-2,3,-4,122,126,129,135,138,69,83,70,141,113,114,110,125,120,134,128,118,95,102,108,107,105,102,58,91,95,109,118,85,95,89,-115,-111,-109,-67,-83,-81,-153,-161,-166,-90,-78,-85,-347,-168,-173,-172,-166,-171,-170,-152,-189,-179,-162,-132,-116,-111,-120,-120,-123,-96]} 1. c4 c6 2. Nf3 d5 3. e3 Nf6 4. d4 e6 5. Bd3 dxc4 6. Bxc4 Nbd7 7. O-O b5 8. Bd3 Bb7 9. e4 a6 {D30: Queen's Gambit Declined: Systems without Nc3} 10. Bg5 (10. a4 Be7 11. Bg5 h6 12. Bh4 Nh5 13. Bxe7 Qxe7 14. Re1 O-O 15. Nbd2 Rad8 16. Bf1 e5 17. axb5 cxb5 {½-½ (39) Ponomariov,R (2726)-Korobov,A (2678) Kiev 2012}) 10... c5 11. d5 e5 $146 (11... h6 $11 12. Bh4 c4) ({Predecessor:} 11... Qc7 12. a4 c4 13. Bc2 O-O-O 14. axb5 axb5 15. Nc3 Qc5 16. Ra5 {1-0 (15) Levin,F (2498)-Pecher,H (2286) Guben 2003}) 12. b3 $16 Be7 13. Bxf6 $1 Bxf6 14. Nc3 (14. Nbd2 $16) 14... O-O $14 15. a4 Qa5 (15... c4 $14 16. bxc4 b4) 16. Qd2 ({Inferior is} 16. axb5 Qxc3 17. bxa6 Bc8 $15) 16... b4 17. Ne2 {[%cal Bc3e2,Be2c1,Bc1d3][%mdl 32]} Rfe8 {Black wants to play ...Bxd5.} 18. Qc2 Nb6 19. Nd2 Bg5 20. Nc4 (20. Ng3 {is interesting.} g6 21. Rfc1 Rac8 22. Ngf1 Rf8 23. Ne3) 20... Nxc4 21. Bxc4 Qb6 22. Nc1 Rad8 23. Rd1 Rd6 24. Nd3 Bc8 25. Nb2 Rh6 26. Bf1 Qg6 {[#]} 27. Rd3 $2 (27. Be2 $1 $16 {keeps the pressure on.}) 27... Qxe4 $17 28. g3 Qf5 29. Re1 e4 $40 {[%mdl 128] Black goes for the king.} 30. Bg2 ({White should play} 30. Nc4) 30... Bd7 31. Rdd1 {[%cal Re1e4]} Bf6 ({Better is} 31... e3 $19 32. Qxf5 Bxf5 33. fxe3 Bxe3+ 34. Kh1 Kf8) 32. Nc4 {aiming for Nd6.} Bd4 {[#]} 33. Re2 $2 {[%mdl 8192]} (33. Rxd4 $1 $17 {[%mdl 512]} cxd4 34. Rxe4 Rxe4 35. Bxe4) 33... Qxd5 (33... Qh5 $142 34. h4 g5 35. Rxd4 cxd4 36. Rxe4 Rxe4 37. Qxe4 gxh4) 34. Rxe4 $19 Rxe4 35. Qxe4 Qxe4 36. Bxe4 Kf8 37. Bd5 Rf6 38. Rd2 Bg4 39. Kg2 Be6 {Black is better.} 40. Bxe6 Rxe6 41. Kf1 Rf6 {Accuracy: White = 45%, Black = 41%.} 1/2-1/2

[Event "Moscow-ch Men 2019"]
[Site "Moscow"]
[Date "2019.04.05"]
[Round "7.15"]
[White "Tsoi, Dmitry"]
[Black "Trusov, Mikhail"]
[Result "0-1"]
[WhiteElo "2340"]
[BlackElo "2143"]
[Annotator "TA"]
[PlyCount "202"]
[EventDate "2019.03.30"]
[EventType "swiss"]
[EventCountry "RUS"]
[SourceTitle "playchess.com"]
[Source "ChessBase"]
[SourceQuality "1"]

{[%evp 13,202,-4,-10,-10,-22,-15,-18,-39,-47,-39,0,8,23,-36,-12,-37,-40,-50,-47,-43,-42,-47,22,9,83,93,93,90,94,73,76,50,61,42,47,33,39,30,37,30,12,33,76,80,138,137,115,75,133,97,77,1,65,64,72,62,149,150,140,132,189,112,105,0,0,0,0,0,0,0,0,0,0,0,0,0,0,0,8,-100,-51,-114,-127,-833,-826,-820,-795,-976,-718,-977,-969,-978,-975,-988,-1008,-1242,-1368,-1576,-885,-1691,-1145,-1152,-1137,-1216,-1683,-1459,-1636,-1635,-1444,-1631,-1573,-1296,-1471,-1432,-1516,-1449,-1238,-1110,-1103,-1117,-1154,-1104,0,-1089,-957,-1127,-1025,-1204,-1221,-1207,-1204,-910,-1133,-875,-1523,-1316,-1000,-1749,-1113,-1470,-2106,-2168,-1501,-2004,-1829,-1785,-1674,-2113,-1608,-1468,-1381,-1215,-1058,-993,-853,-2464,-1364,-2611,0,-3603,-3270,-1925,-2597,-3348,-2741,-2391,-1760,-29971,-29972,-29972,-29973,-29973,-29974,-29974,-29975,-29975,-29976,-29976,-29977,-29979,-29979,-29980,-29975,-29981,-29982,-29982,-29983,-29988,-29989,-29991,-29991]} 1. f4 d5 2. Nf3 Nf6 3. g3 c5 4. Bg2 g6 5. O-O Bg7 6. d3 O-O 7. Qe1 d4 8. c4 {A03: Bird's Opening with 1...d5} (8. Na3 Nc6 9. Bd2 Be6 10. c3 Qd7 11. Nc2 Rab8 12. cxd4 cxd4 13. b4 b5 14. a4 bxa4 15. Na3 a6 16. Nc4 Bxc4 17. dxc4 Ne4 18. Rxa4 Nc3 19. Qa1 Nxb4 20. Bxc3 dxc3 21. Ne5 Bxe5 22. fxe5 Nc2 {0-1 (22) Shabalov,A (2563)-Robson,R (2675) chess.com INT 2017}) 8... Nc6 9. Na3 Re8 10. Nc2 {The position is equal.} a5 $146 ({Predecessor:} 10... e5 11. Nxe5 Nxe5 12. fxe5 Rxe5 13. Bf4 Re8 14. Qf2 Bg4 15. Rad1 Qd7 16. Bg5 Re5 17. Bf4 Rh5 18. h3 Bxh3 19. Qf3 Re8 20. Bxh3 Qxh3 {0-1 (20) Hille,W (2036)-Menna Barreto,F (2293) Florianopolis 2018}) 11. h3 Qc7 12. Na3 Bd7 13. Nb5 (13. g4 $11) 13... Qc8 $15 14. Kh2 Nb4 {And now ...Bxb5 would win.} 15. Na3 Bc6 16. Bd2 Nd7 17. Qf2 f6 (17... e6 $15) 18. Nb5 b6 (18... Bxb5 $11 19. cxb5 e6) 19. a3 $16 Na6 {[#]} 20. b4 $1 {[%mdl 512]} a4 (20... axb4 21. axb4) 21. f5 Nf8 22. Nh4 Bxg2 23. Nxg2 (23. Kxg2 g5 $11) (23. Qxg2 {seems wilder.} Nc7 24. bxc5 bxc5 25. fxg6 hxg6 26. Rab1) 23... Nc7 24. Nxc7 Qxc7 25. e4 dxe3 26. Nxe3 e6 27. fxe6 Rxe6 28. Nd5 Qc6 (28... Qa7 $142) 29. Rae1 Rae8 30. Rxe6 Rxe6 (30... Nxe6 $142 31. Qg2 (31. Nxf6+ Bxf6 32. Qxf6 Rf8 $11) 31... Kf7) 31. Re1 $36 {[%mdl 2048] Black is under strong pressure.} Kf7 32. g4 (32. b5 $16 Qd7 33. Rf1) 32... Rxe1 (32... cxb4 $1 $11 33. Rxe6 (33. Nxb4 Qd6+ 34. Bf4 Qe7 $14) (33. Bxb4 Nd7 $14) (33. axb4 Rxe1 34. Bxe1 Qe6 $11) 33... Qxe6) 33. Qxe1 $14 Ne6 34. b5 Qd6+ (34... Qd7 $1 $14) 35. Qg3 $16 Qd8 36. Bc3 h6 (36... g5 $16 37. Kg1 Nf4 38. Nxf4 gxf4) 37. Kg1 ({White should try} 37. Kg2 $18) 37... Nd4 38. Bxd4 (38. Qg2 $1 $16) 38... cxd4 $11 39. h4 Bf8 40. Qf4 Bxa3 41. Qxh6 Bf8 42. Qh7+ Bg7 {Threatens to win with ...a3.} 43. h5 gxh5 44. gxh5 {Black must now prevent Qg6+.} Qe8 45. Kf2 {Strongly threatening h6.} ({Much weaker is} 45. Nxb6 a3 $17) 45... Qe5 46. Kf3 {[#]} ({Avoid the trap} 46. Nxb6 $2 a3 $19) (46. Qg6+ $11 Kf8 47. h6 Qh2+ {[%mdl 64] Double Attack} 48. Kf3 Qh3+ 49. Ke2 Qxh6 50. Qxh6 Bxh6 51. c5) 46... Qg5 $1 $17 47. Nf4 (47. Ke2 $1 $15) 47... f5 48. Qg6+ $2 {[%mdl 8192]} (48. Nd5 $17) 48... Qxg6 $19 49. hxg6+ {[%mdl 4096] Endgame KB-KN} Kg8 50. Ne2 a3 51. Nc1 Be5 52. Na2 Kg7 53. Nb4 Kxg6 54. Na2 Kg5 55. Nb4 Bd6 56. Na2 Kf6 57. Nc1 Ke6 58. Na2 Be5 59. Nc1 Kd6 60. Na2 Kc5 61. Kg2 Bf4 62. Kf3 Be3 63. Kg2 Bd2 64. Kf3 Kd6 65. Ke2 Bh6 66. Kf3 Kc5 67. Ke2 Kd6 68. Kf3 $1 Ke5 69. Nb4 Bg7 70. Nc6+ Ke6 71. Nb4 Bf8 72. Na2 Bd6 73. Nc1 Kf6 (73... Kf7 $142 74. Ke2 Kf6) 74. Na2 Kg5 75. Nc1 Kh4 76. Na2 Kh3 77. Nc1 Kh2 78. Kf2 Be7 79. Na2 Bg5 80. Nb4 Bh4+ 81. Kf3 Be1 82. Na2 Bd2 83. Ke2 f4 {aiming for ...Kg2.} 84. Kf2 Kh1 85. Kf1 Kh2 86. Kf2 $1 Kh3 87. Kf3 {[#]} Kh4 $1 {[%cal Rh4g5]} 88. c5 bxc5 89. b6 Ba5 90. Kxf4 Bxb6 {Black mates.} 91. Nc1 Ba5 92. Na2 Bb4 93. Kf3 Kg5 94. Nc1 Kf5 95. Ke2 Kf4 96. Na2 Kg3 97. Nc1 Bc3 98. Kd1 Bb2 99. Na2 Kf3 100. Kc2 Ke2 101. Kb1 Kxd3 {Accuracy: White = 56%, Black = 71%.} 0-1

[Event "Moscow-ch Men 2019"]
[Site "Moscow"]
[Date "2019.04.05"]
[Round "7.16"]
[White "Makarian, Rudik"]
[Black "Spichkin, Alexander"]
[Result "0-1"]
[WhiteElo "2354"]
[BlackElo "2197"]
[Annotator "TA"]
[PlyCount "134"]
[EventDate "2019.03.30"]
[EventType "swiss"]
[EventCountry "RUS"]
[SourceTitle "playchess.com"]
[Source "ChessBase"]
[SourceQuality "1"]

{[%evp 19,134,16,41,30,54,32,26,21,18,18,16,19,10,21,20,4,23,15,34,31,22,0,0,-64,-62,-133,-132,-164,-175,-206,-202,-205,-192,-267,-270,-309,-296,-282,-288,-393,-317,-492,-487,-502,-495,-513,-514,-513,-392,-393,-381,-567,-557,-767,-788,-781,-768,-757,-767,-753,-753,-855,0,0,0,0,0,0,0,0,672,0,0,-17,-17,-462,-451,-443,-395,-410,-406,-715,-354,-341,-318,-477,-477,-476,-470,-462,-461,-712,-553,-508,-458,-706,-706,-705,-708,-693,-693,-661,-637,-927,-894,-718,-711,-711,-693,-29955,-29957,-29965,-29965,-29994,-29995,-29995,-29996]} 1. Nf3 d5 2. g3 c6 3. Bg2 e6 4. O-O f5 5. b3 Nf6 6. d4 Bd6 7. Ba3 O-O 8. c4 Bxa3 9. Nxa3 Qe7 10. Nc2 Bd7 11. c5 {A94: Classical Dutch: Classical Stonewall: 7 b3 c6 8 Ba3} (11. Ne5 Be8 12. Nd3 {½-½ (12) Pavlovic,G (2376)-Milosevic,S (2226) Kragujevac 2015}) 11... Be8 12. b4 Nbd7 13. Ne5 $146 {White has an edge.} ({Predecessor:} 13. a4 Ne4 14. Qd3 f4 {½-½ (14) Emami,M (2185)-Luther,J Germany 1998}) 13... Nxe5 14. dxe5 Nd7 $1 15. f4 b6 16. Nd4 Rc8 17. cxb6 Nxb6 18. Qd3 c5 19. bxc5 Qxc5 20. Kh1 Bd7 21. g4 (21. Rfb1 $11) 21... fxg4 $15 22. f5 (22. h3 $15) 22... exf5 $1 $17 23. e6 Ba4 $1 24. Qe3 {[#]} g6 $1 25. Rac1 Qe7 26. Qe5 (26. Qf4 $142) 26... Qg7 $19 27. Qe3 Rxc1 28. Rxc1 f4 29. Qc3 Qe5 30. Qb4 {[#]} (30. Nb3 {might work better.} Qxe6 31. Qd3) 30... f3 $1 31. exf3 {White wants to play Re1.} Rf4 32. Qe7 Qxd4 33. fxg4 Qf6 34. Qd6 Bb5 35. Qb8+ (35. Re1 {keeps fighting.}) 35... Qf8 36. Qxa7 Bf1 {( -> ...Bxg2+)} 37. Bf3 Rxf3 38. e7 Qe8 39. Re1 Nc8 40. Qc7 Bh3 $2 ({Better is} 40... Kf7 $19 41. Qe5 Nxe7 42. Qe6+ Kf8) 41. Qd8 $36 {[%mdl 2048] [#] Black is under pressure.} Nd6 $1 42. Qxd6 {aiming for Qd8.} Bxg4 43. Qxd5+ Rf7 44. Qd8 Bf3+ 45. Kg1 Bc6 {And now ...Rf5 would win.} 46. Qd6 Bb5 {White must now prevent ...Rf5.} 47. Qc5 $2 {[%mdl 8192]} (47. Qd5 $11 {and White has nothing to worry.}) 47... Rf5 $19 48. Qe3 Bc4 49. Rc1 {[#]} Bf7 $1 50. a3 (50. Re1 $142) 50... Rf6 (50... Qb5 $142 {Strongly threatening ...Rg5+.} 51. Re1 Rg5+ 52. Kf2 Qb2+ 53. Re2 Qf6+ 54. Qf3 Qd4+ 55. Qe3 Qh4+ {[%mdl 64] Double Attack} 56. Kf1 Rf5+ 57. Rf2 Rxf2+ 58. Qxf2 Bc4+ 59. Ke1 Qxe7+ {[%mdl 64] Double Attack} 60. Kd1 Bb3+ 61. Kd2 Qd6+ 62. Kc3 Be6) 51. Re1 Ra6 52. Qf3 (52. Qe5 {was necessary.}) 52... Re6 53. Rxe6 Bxe6 54. Qf6 Qf7 55. Qg5 (55. Qh4 $142) 55... Bc4 {[%csl Gc4][%cal Rf7f1]} 56. Qc1 Bb5 57. Qe1 (57. Qd1 $142) 57... Be8 58. Qe4 Qf6 59. Qc4+ Kg7 60. Qc5 Kf7 61. a4 Qxe7 62. Qc4+ Kg7 63. Qd4+ Qf6 64. Qa7+ Kh6 {Black mates.} 65. a5 Bb5 {[%csl Gb5][%cal Rf6f1]} 66. Kg2 Bc6+ 67. Kg1 Qf3 {Accuracy: White = 26%, Black = 89%.} 0-1

[Event "Moscow-ch Men 2019"]
[Site "Moscow"]
[Date "2019.04.06"]
[Round "8.5"]
[White "Yeletsky, Ivan"]
[Black "Popov, Ivan"]
[Result "0-1"]
[WhiteElo "2409"]
[BlackElo "2585"]
[Annotator "RC"]
[PlyCount "68"]
[EventDate "2019.03.30"]
[EventType "swiss"]
[EventCountry "RUS"]
[SourceTitle "playchess.com"]
[Source "ChessBase"]
[SourceQuality "1"]
[TimeControl "5400+30"]

1. d4 {[%emt 0:02:42]} d5 {[%emt 0:00:00]} 2. c4 {[%emt 0:00:07]} dxc4 {[%emt 0:00:00]} 3. e4 {[%emt 0:00:32]} Nf6 {[%emt 0:00:30]} 4. e5 {[%emt 0:00:08]} Nd5 {[%emt 0:00:09]} 5. Bxc4 {[%emt 0:00:09]} Bf5 {[%emt 0:00:51]} 6. Nf3 {[%emt 0:11:38]} e6 {[%emt 0:01:05]} 7. O-O {[%emt 0:07:26]} Be7 {[%emt 0:00:46]} 8. Nc3 {[%emt 0:01:57]} Nb6 {[%emt 0:02:45]} 9. Bb3 {[%emt 0:08:31]} c6 {[%emt 0:00:29]} 10. Be3 {[%emt 0:04:56]} O-O {[%emt 0:00:53]} 11. Ne1 {[%emt 0:05:30]} Nd5 {[%emt 0:11:56]} 12. Nxd5 {[%emt 0:11:55]} cxd5 {[%emt 0:00:16]} 13. Nd3 {[%emt 0:01:12]} Nc6 {[%emt 0:01:34]} 14. g4 {[%emt 0:00:19]} Be4 {[%emt 0:00:30]} 15. f3 {[%emt 0:00:22]} Bg6 {[%emt 0:02:37]} 16. f4 {[%emt 0:00:27]} f5 {[%emt 0:03:58]} 17. exf6 {[%emt 0:00:39]} Rxf6 {[%emt 0:06:28]} 18. Ne5 {[%emt 0:06:16]} Be4 {[%emt 0:06:29]} 19. Nxc6 {[%emt 0:01:49]} bxc6 {[%emt 0:00:49]} 20. Rc1 {[%emt 0:00:49]} Qb6 {[%emt 0:12:54]} 21. Rf2 {[%emt 0:11:22]} Rh6 {[%emt 0:06:51]} 22. Qf1 {[%emt 0:02:54]} Rg6 {[%emt 0:09:49]} 23. Bd1 {[%emt 0:08:16]} Rf8 {[%emt 0:03:06]} 24. Qh3 {[%emt 0:03:18]} Bf6 {[%emt 0:07:22]} 25. Rd2 {[%emt 0:01:34]} Rh6 {[%emt 0:00:02]} 26. Qf1 {[%emt 0:00:07]} e5 {[%emt 0:00:06]} 27. fxe5 {[%emt 0:03:57]} Bxe5 {[%emt 0:01:13]} 28. Qe1 {[%emt 0:00:51]} Rh3 {[%emt 0:03:40]} 29. Rc3 {[%emt 0:01:34]} Bg3 {[%emt 0:09:31]} 30. Qxg3 {[%emt 0:00:15]} Rxg3+ {[%emt 0:00:01]} 31. hxg3 {[%emt 0:00:09]} Qa6 {[%emt 0:00:44]} 32. Bf2 {[%emt 0:00:42]} c5 {[%emt 0:00:40]} 33. g5 {[%emt 0:00:57]} cxd4 {[%emt 0:00:48]} 34. Rc7 {[%emt 0:01:21]} Qa5 {[%emt 0:00:58]} 0-1